<?xml version="1.0" encoding="UTF-8"?>
<collection xmlns="http://www.loc.gov/MARC21/slim">
 <record>
  <leader>02502nam a2200349 a 4500</leader>
  <controlfield tag="001">12720717</controlfield>
  <controlfield tag="008">090518r2003    njua     b    001 0 eng d</controlfield>
  <datafield tag="010" ind1=" " ind2=" ">
   <subfield code="a">  2002025164</subfield>
  </datafield>
  <datafield tag="020" ind1=" " ind2=" ">
   <subfield code="a">8120323092</subfield>
  </datafield>
  <datafield tag="020" ind1=" " ind2=" ">
   <subfield code="a">0130411507</subfield>
  </datafield>
  <datafield tag="040" ind1=" " ind2=" ">
   <subfield code="a">DLC</subfield>
   <subfield code="c">DLC</subfield>
   <subfield code="d">DLC</subfield>
  </datafield>
  <datafield tag="082" ind1="0" ind2="0">
   <subfield code="a">658.8/27</subfield>
   <subfield code="2">21</subfield>
  </datafield>
  <datafield tag="100" ind1="1" ind2=" ">
   <subfield code="a">Keller, Kevin Lane,</subfield>
   <subfield code="d">1956-</subfield>
  </datafield>
  <datafield tag="245" ind1="1" ind2="0">
   <subfield code="a">Strategic brand management :</subfield>
   <subfield code="b">building, measuring, and managing brand equity /</subfield>
   <subfield code="c">Kevin Lane Keller.</subfield>
  </datafield>
  <datafield tag="250" ind1=" " ind2=" ">
   <subfield code="a">2nd ed.</subfield>
  </datafield>
  <datafield tag="260" ind1=" " ind2=" ">
   <subfield code="a">Upper Saddle River, N.J. </subfield>
   <subfield code="a">New Delhi :</subfield>
   <subfield code="b">Prentice Hall </subfield>
   <subfield code="c">c2003.</subfield>
  </datafield>
  <datafield tag="300" ind1=" " ind2=" ">
   <subfield code="a">xxvii, 788 p. :</subfield>
   <subfield code="b">ill. ;</subfield>
   <subfield code="c">24 cm.</subfield>
  </datafield>
  <datafield tag="504" ind1=" " ind2=" ">
   <subfield code="a">Includes bibliographical references and index.</subfield>
  </datafield>
  <datafield tag="541" ind1="1" ind2=" ">
   <subfield code="e">00013205</subfield>
  </datafield>
  <datafield tag="650" ind1=" " ind2="0">
   <subfield code="a">Brand name products</subfield>
   <subfield code="x">Management.</subfield>
  </datafield>
  <datafield tag="852" ind1="4" ind2=" ">
   <subfield code="a">Ayesha Abed Library</subfield>
   <subfield code="j">Generalshelf</subfield>
  </datafield>
  <datafield tag="942" ind1="0" ind2="0">
   <subfield code="0">7</subfield>
  </datafield>
  <datafield tag="999" ind1=" " ind2=" ">
   <subfield code="c">800</subfield>
   <subfield code="d">800</subfield>
  </datafield>
  <datafield tag="952" ind1=" " ind2=" ">
   <subfield code="0">0</subfield>
   <subfield code="1">4</subfield>
   <subfield code="2">ddc</subfield>
   <subfield code="4">0</subfield>
   <subfield code="6">658_827000000000000_KEL</subfield>
   <subfield code="7">0</subfield>
   <subfield code="9">738</subfield>
   <subfield code="a">BRACUL</subfield>
   <subfield code="b">BRACUL</subfield>
   <subfield code="c">GEN</subfield>
   <subfield code="d">2009-05-18</subfield>
   <subfield code="g">490.00</subfield>
   <subfield code="l">0</subfield>
   <subfield code="o">658.827 KEL</subfield>
   <subfield code="p">3010013205</subfield>
   <subfield code="r">2009-05-18</subfield>
   <subfield code="t">8</subfield>
   <subfield code="v">980.00</subfield>
   <subfield code="w">2009-05-18</subfield>
   <subfield code="y">BK</subfield>
   <subfield code="x">Koha Inventory 2020</subfield>
  </datafield>
  <datafield tag="952" ind1=" " ind2=" ">
   <subfield code="0">0</subfield>
   <subfield code="1">0</subfield>
   <subfield code="2">ddc</subfield>
   <subfield code="4">0</subfield>
   <subfield code="6">658_827000000000000_KEL</subfield>
   <subfield code="7">0</subfield>
   <subfield code="9">9286</subfield>
   <subfield code="a">BRACUL</subfield>
   <subfield code="b">BRACUL</subfield>
   <subfield code="c">GEN</subfield>
   <subfield code="d">2010-04-18</subfield>
   <subfield code="g">490.00</subfield>
   <subfield code="l">22</subfield>
   <subfield code="m">207</subfield>
   <subfield code="o">658.827 KEL</subfield>
   <subfield code="p">3010013204</subfield>
   <subfield code="r">2021-10-21</subfield>
   <subfield code="s">2020-01-14</subfield>
   <subfield code="t">7</subfield>
   <subfield code="w">2010-04-18</subfield>
   <subfield code="y">BK</subfield>
  </datafield>
  <datafield tag="952" ind1=" " ind2=" ">
   <subfield code="0">0</subfield>
   <subfield code="1">0</subfield>
   <subfield code="2">ddc</subfield>
   <subfield code="4">0</subfield>
   <subfield code="6">658_827000000000000_KEL</subfield>
   <subfield code="7">0</subfield>
   <subfield code="9">10317</subfield>
   <subfield code="a">BRACUL</subfield>
   <subfield code="b">BRACUL</subfield>
   <subfield code="c">GEN</subfield>
   <subfield code="d">2010-05-18</subfield>
   <subfield code="g">490.00</subfield>
   <subfield code="l">18</subfield>
   <subfield code="m">180</subfield>
   <subfield code="o">658.827 KEL</subfield>
   <subfield code="p">3010013202</subfield>
   <subfield code="r">2019-04-25</subfield>
   <subfield code="s">2018-09-19</subfield>
   <subfield code="t">5</subfield>
   <subfield code="w">2010-05-18</subfield>
   <subfield code="y">BK</subfield>
  </datafield>
  <datafield tag="952" ind1=" " ind2=" ">
   <subfield code="0">0</subfield>
   <subfield code="1">0</subfield>
   <subfield code="2">ddc</subfield>
   <subfield code="4">0</subfield>
   <subfield code="6">658_827000000000000_KEL</subfield>
   <subfield code="7">0</subfield>
   <subfield code="9">10465</subfield>
   <subfield code="a">BRACUL</subfield>
   <subfield code="b">BRACUL</subfield>
   <subfield code="c">GEN</subfield>
   <subfield code="d">2010-05-24</subfield>
   <subfield code="g">490.00</subfield>
   <subfield code="l">22</subfield>
   <subfield code="m">220</subfield>
   <subfield code="o">658.827 KEL</subfield>
   <subfield code="p">3010013201</subfield>
   <subfield code="r">2023-01-04</subfield>
   <subfield code="s">2022-10-18</subfield>
   <subfield code="t">4</subfield>
   <subfield code="w">2010-05-24</subfield>
   <subfield code="y">BK</subfield>
  </datafield>
  <datafield tag="952" ind1=" " ind2=" ">
   <subfield code="0">0</subfield>
   <subfield code="1">0</subfield>
   <subfield code="2">ddc</subfield>
   <subfield code="4">0</subfield>
   <subfield code="6">658_827000000000000_KEL</subfield>
   <subfield code="7">0</subfield>
   <subfield code="9">11432</subfield>
   <subfield code="a">BRACUL</subfield>
   <subfield code="b">BRACUL</subfield>
   <subfield code="c">GEN</subfield>
   <subfield code="d">2010-07-03</subfield>
   <subfield code="g">490.00</subfield>
   <subfield code="l">17</subfield>
   <subfield code="m">130</subfield>
   <subfield code="o">658.827 KEL</subfield>
   <subfield code="p">3010013206</subfield>
   <subfield code="r">2019-05-12</subfield>
   <subfield code="s">2019-01-14</subfield>
   <subfield code="t">9</subfield>
   <subfield code="w">2010-07-03</subfield>
   <subfield code="y">BK</subfield>
  </datafield>
  <datafield tag="952" ind1=" " ind2=" ">
   <subfield code="0">0</subfield>
   <subfield code="1">0</subfield>
   <subfield code="2">ddc</subfield>
   <subfield code="4">0</subfield>
   <subfield code="6">658_827000000000000_KEL</subfield>
   <subfield code="7">0</subfield>
   <subfield code="9">11655</subfield>
   <subfield code="a">SCL</subfield>
   <subfield code="b">SCL</subfield>
   <subfield code="c">GEN</subfield>
   <subfield code="d">2010-08-18</subfield>
   <subfield code="g">490.00</subfield>
   <subfield code="l">24</subfield>
   <subfield code="m">140</subfield>
   <subfield code="o">658.827 KEL</subfield>
   <subfield code="p">3010013199</subfield>
   <subfield code="r">2019-04-20</subfield>
   <subfield code="s">2019-01-22</subfield>
   <subfield code="t">2</subfield>
   <subfield code="w">2010-08-18</subfield>
   <subfield code="y">BK</subfield>
   <subfield code="x">Transferred from BRACUL to SCL on 08/08/22</subfield>
  </datafield>
  <datafield tag="952" ind1=" " ind2=" ">
   <subfield code="0">0</subfield>
   <subfield code="1">0</subfield>
   <subfield code="2">ddc</subfield>
   <subfield code="4">0</subfield>
   <subfield code="6">658_827000000000000_KEL</subfield>
   <subfield code="7">0</subfield>
   <subfield code="9">12668</subfield>
   <subfield code="a">BRACUL</subfield>
   <subfield code="b">BRACUL</subfield>
   <subfield code="c">GEN</subfield>
   <subfield code="d">2010-10-24</subfield>
   <subfield code="g">490.00</subfield>
   <subfield code="l">10</subfield>
   <subfield code="m">96</subfield>
   <subfield code="o">658.827 KEL</subfield>
   <subfield code="p">3010013200</subfield>
   <subfield code="r">2022-12-31</subfield>
   <subfield code="s">2022-11-27</subfield>
   <subfield code="t">3</subfield>
   <subfield code="w">2010-10-24</subfield>
   <subfield code="y">BK</subfield>
  </datafield>
  <datafield tag="952" ind1=" " ind2=" ">
   <subfield code="0">0</subfield>
   <subfield code="1">0</subfield>
   <subfield code="2">ddc</subfield>
   <subfield code="4">0</subfield>
   <subfield code="6">658_827000000000000_KEL</subfield>
   <subfield code="7">0</subfield>
   <subfield code="9">12669</subfield>
   <subfield code="a">SCL</subfield>
   <subfield code="b">SCL</subfield>
   <subfield code="c">GEN</subfield>
   <subfield code="d">2010-10-24</subfield>
   <subfield code="g">490.00</subfield>
   <subfield code="l">18</subfield>
   <subfield code="m">195</subfield>
   <subfield code="o">658.827 KEL</subfield>
   <subfield code="p">3010013203</subfield>
   <subfield code="r">2019-05-12</subfield>
   <subfield code="s">2019-01-23</subfield>
   <subfield code="t">6</subfield>
   <subfield code="w">2010-10-24</subfield>
   <subfield code="y">BK</subfield>
   <subfield code="x">Transferred from BRACUL to SCL on 08/08/22</subfield>
  </datafield>
  <datafield tag="952" ind1=" " ind2=" ">
   <subfield code="0">0</subfield>
   <subfield code="1">0</subfield>
   <subfield code="2">ddc</subfield>
   <subfield code="4">0</subfield>
   <subfield code="6">658_827000000000000_KEL</subfield>
   <subfield code="7">0</subfield>
   <subfield code="9">22108</subfield>
   <subfield code="a">BRACUL</subfield>
   <subfield code="b">BRACUL</subfield>
   <subfield code="c">GEN</subfield>
   <subfield code="d">2013-03-27</subfield>
   <subfield code="g">490.00</subfield>
   <subfield code="l">21</subfield>
   <subfield code="m">205</subfield>
   <subfield code="o">658.827 KEL</subfield>
   <subfield code="p">3010013198</subfield>
   <subfield code="r">2019-06-09</subfield>
   <subfield code="s">2019-01-15</subfield>
   <subfield code="t">1</subfield>
   <subfield code="w">2013-03-27</subfield>
   <subfield code="y">BK</subfield>
  </datafield>
 </record>
</collection>
